| 000 | 00515pam a2200157 a 4500 | ||
|---|---|---|---|
| 020 | _a1853671037 : | ||
| 082 | 0 | 0 |
_a355.0209567 _bWAT _cD |
| 245 | 0 | 0 |
_aMilitary lessons of the Gulf War / _cBruce W. Watson ... [et al.] |
| 260 |
_aLondon : _bGreenhill Books ; _aNovato, Ca. : _bPresidio Press, _c1991. |
||
| 300 |
_a272 p. : _bill., maps ; _c23 cm. |
||
| 526 |
_a0 _b0 _c0 _d355_020956700000000_WAT |
||
| 650 | 0 |
_aMCE _9379 |
|
| 650 | 0 |
_aPersian Gulf War, 1991. _9432 |
|
| 700 | 1 |
_aWatson, Bruce W. _97017 |
|
| 942 |
_2ddc _cBK |
||
| 999 |
_c551477 _d551477 |
||